Normal view
MARC view
- AERODYNAMICS FOR ENGINEERS.AEROSPACE VEHICLES
Entry Topical Term
001 - CONTROL NUMBER
- control field: 63308
003 - CONTROL NUMBER IDENTIFIER
- control field: NUST
005 - DATE AND TIME OF LATEST TRANSACTION
- control field: 20210628203111.0
008 - FIXED-LENGTH DATA ELEMENTS
- fixed length control field: 210628|| aca||aabn | a|a d
040 ## - CATALOGING SOURCE
- Original cataloging agency: NUST
- Transcribing agency: NUST
150 ## - HEADING--TOPICAL TERM
- Topical term or geographic name entry element: AERODYNAMICS FOR ENGINEERS.AEROSPACE VEHICLES
670 ## - SOURCE DATA FOUND
- Source citation: Work cat.: (NUST): Bertin, John J 40695, Aerodynamics for engineers, 2002
